000 00625nam a2200217 a 4500
005 20140310183453.0
008 090324s19uu xx 00 eng d
020 _a9780071264860
050 _aRT 52
_b.T433 2007
100 _aThieman, Lisa J.
245 _aNurse anesthetist exam review. /
_cLisa J. Thiemann
260 _aNew York :
_bMcGraw-Hill,
_c2007.
300 _a425 p. :
_c28 cm.
521 _aNUR
650 _aAnesthesiology
_xExaminations, questions, etc.
700 _aRobertson, Kerri M.
700 _aLubarsky, David A.
700 _aRanasinghe, Sudharma
942 _cBK
_2lcc
_kFOR
999 _c23480
_d23480